Délmagyarország. - 1917. február 11., Vasárnap
Elmentve itt :
| Dokumentumtípus: | Újság |
|---|---|
| Megjelent: |
1917-02-11
|
| Sorozat: | Délmagyarország
6 No. 35 |
| Online Access: | http://dmarchiv.bibl.u-szeged.hu/2422 |
| LEADER | 00488nas a2200145 i 4500 | ||
|---|---|---|---|
| 001 | delm2422 | ||
| 005 | 20200414150205.0 | ||
| 008 | 171213s1917 hu n o 0|| hun d | ||
| 022 | |a 0133-025X | ||
| 040 | |a SZTE Délmagyarország Archívum |b hun | ||
| 041 | |a hun | ||
| 245 | 0 | 0 | |a Délmagyarország. - 1917. február 11., Vasárnap |h [elektronikus dokumentum] |
| 260 | |c 1917-02-11 | ||
| 490 | 0 | |a Délmagyarország |v 6 No. 35 | |
| 856 | 4 | 0 | |u http://dmarchiv.bibl.u-szeged.hu/2422/1/dm_1917_035.pdf |z Dokumentum-elérés |